00329nam a2200133Ia 4500008004100000041000800041082001700049100001800066245002200084250001400106260003200120300003200152365001100184240624s9999 xx 000 0 und d aeng a658.4012 DIX aDIXIT AVINASH aGAMES OF STRATEGY a(3rd ed.) c2010aNew DelhibViva Books axxii, : 794 : p. : cm. ; 24 cRSb33